000 00547cam a2200193u 4500
001 10479114
005 20180209065253.0
008 820714s1937 mauh 000 0 eng
010 _aunk82016062
040 _aDLC
_cCarP
_dDLC
041 _aeng
080 _a821
082 _2821 BAR
100 1 _a21
101 _aGJL
245 1 0 _aFamiliar quotations;
906 _a0
_bcbc
_cpremunv
_du
_encip
_f19
_gy-gencatlg
942 _2ddc
_cBK
999 _c42241
_d42241